01677nam a2200217 i 4500001000400000003000400004005001700008008004100025040000800066080001000074100014000084245028700224260002100511500002100532520030400553650003300857700014100890700014201031700014501173700014101318BPPBPK20180412112417.0140226s1986 pl f f |000 0 pol | cBPK a621.5 aCZAPP, Marian.d1982 - 1996.bWyższa Szkoła Inżynierska w Koszalinie - Wydział Mechaniczny,cZakład Termodynamiki i Chłodnictwa aAnaliza parametrów cieplnych i przepływowych oraz wskaźników techniczno-ekonomicznych w wymiennikach urządzeń chłodniczych produkowanych przez firmy krajowe i znaczące firmy zagraniczne /cMarian Czapp, Henryk Charun, Tadeusz Bohdal, Teresa Kacalak, Juliusz Sławecki. aKoszalin,c1986. aDane z autopsji. aCelem opracowania było określenie i zastosowanie podstawowych kryteriów weryfikacji procesów wymiany ciepła w wymiennikach urządzeń chłodniczych, (w których jednym z czynników jest powietrze) na podstawie katalogowych i eksperymentalnych wskaźników konstrukcyjno-energetycznych. 0aChłodnictwo - urządzenia. aKACALAK, Teresa.d1976 -1996.bWyższa Szkoła Inżynierska w Koszalinie - Wydział Mechaniczny,cZakład Termodynamiki i Chłodnictwa aBOHDAL, Tadeusz.d1976 - 1996.bWyższa Szkoła Inżynierska w Koszalinie - Wydział Mechaniczny,cZakład Termodynamiki i Chłodnictwa aSŁAWECKI, Juliusz.d1975 - 1992.bWyższa Szkoła Inżynierska w Koszalinie - Wydział Mechaniczny,cZakład Termodynamiki i Chłodnictwa aCHARUN, Henryk.d1982 - 1996.bWyższa Szkoła Inżynierska w Koszalinie - Wydział Mechaniczny,cZakład Termodynamiki i Chłodnictwa